<?xml version="1.0" encoding="UTF-8"?>
<collection xmlns="http://www.loc.gov/MARC21/slim">
 <record>
  <leader>01648nam a22002657a 4500</leader>
  <controlfield tag="001">NCT_52314</controlfield>
  <controlfield tag="005">20190806090134.0</controlfield>
  <controlfield tag="008">180927b        xxu||||| |||| 00| 0 vie d</controlfield>
  <datafield tag="999" ind1=" " ind2=" ">
   <subfield code="c">2502</subfield>
   <subfield code="d">2502</subfield>
  </datafield>
  <datafield tag="020" ind1=" " ind2=" ">
   <subfield code="c">50000</subfield>
  </datafield>
  <datafield tag="082" ind1="0" ind2="4">
   <subfield code="2">23rd ed</subfield>
   <subfield code="a">346.597043</subfield>
   <subfield code="b">C561</subfield>
  </datafield>
  <datafield tag="100" ind1="1" ind2=" ">
   <subfield code="a">Quốc Cường</subfield>
   <subfield code="e">Hệ thống hóa</subfield>
  </datafield>
  <datafield tag="245" ind1="1" ind2="0">
   <subfield code="a">Luật đất đai</subfield>
   <subfield code="b">(Đã được sửa đổi, bổ sung)</subfield>
   <subfield code="c">Quốc Cường</subfield>
  </datafield>
  <datafield tag="246" ind1="1" ind2="4">
   <subfield code="a">Luật đất đai, luật nhà ở, luật kinh doanh bất động sản</subfield>
  </datafield>
  <datafield tag="260" ind1=" " ind2=" ">
   <subfield code="b">Hồng Đức</subfield>
   <subfield code="c">2012</subfield>
  </datafield>
  <datafield tag="300" ind1=" " ind2=" ">
   <subfield code="a">258 tr.</subfield>
   <subfield code="c">21cm</subfield>
  </datafield>
  <datafield tag="653" ind1=" " ind2=" ">
   <subfield code="a">Luật học</subfield>
  </datafield>
  <datafield tag="942" ind1=" " ind2=" ">
   <subfield code="2">ddc</subfield>
   <subfield code="c">BK</subfield>
  </datafield>
  <datafield tag="952" ind1=" " ind2=" ">
   <subfield code="0">0</subfield>
   <subfield code="1">0</subfield>
   <subfield code="2">ddc</subfield>
   <subfield code="4">0</subfield>
   <subfield code="6">346_597043000000000_C561</subfield>
   <subfield code="7">0</subfield>
   <subfield code="9">14286</subfield>
   <subfield code="a">000001</subfield>
   <subfield code="b">000001</subfield>
   <subfield code="d">2018-09-27</subfield>
   <subfield code="o">346.597043 C561</subfield>
   <subfield code="p">MD.02858</subfield>
   <subfield code="r">2018-09-27</subfield>
   <subfield code="v">50000.00</subfield>
   <subfield code="w">2018-09-27</subfield>
   <subfield code="y">BK</subfield>
  </datafield>
  <datafield tag="952" ind1=" " ind2=" ">
   <subfield code="0">0</subfield>
   <subfield code="1">0</subfield>
   <subfield code="2">ddc</subfield>
   <subfield code="4">0</subfield>
   <subfield code="6">346_597043000000000_C561</subfield>
   <subfield code="7">0</subfield>
   <subfield code="9">14287</subfield>
   <subfield code="a">000001</subfield>
   <subfield code="b">000001</subfield>
   <subfield code="d">2018-09-27</subfield>
   <subfield code="o">346.597043 C561</subfield>
   <subfield code="p">MD.02859</subfield>
   <subfield code="r">2018-09-27</subfield>
   <subfield code="v">50000.00</subfield>
   <subfield code="w">2018-09-27</subfield>
   <subfield code="y">BK</subfield>
  </datafield>
  <datafield tag="952" ind1=" " ind2=" ">
   <subfield code="0">0</subfield>
   <subfield code="1">0</subfield>
   <subfield code="2">ddc</subfield>
   <subfield code="4">0</subfield>
   <subfield code="6">346_597043000000000_C561</subfield>
   <subfield code="7">0</subfield>
   <subfield code="9">14288</subfield>
   <subfield code="a">000001</subfield>
   <subfield code="b">000001</subfield>
   <subfield code="d">2018-09-27</subfield>
   <subfield code="o">346.597043 C561</subfield>
   <subfield code="p">MD.02860</subfield>
   <subfield code="r">2018-09-27</subfield>
   <subfield code="v">50000.00</subfield>
   <subfield code="w">2018-09-27</subfield>
   <subfield code="y">BK</subfield>
  </datafield>
  <datafield tag="952" ind1=" " ind2=" ">
   <subfield code="0">0</subfield>
   <subfield code="1">0</subfield>
   <subfield code="2">ddc</subfield>
   <subfield code="4">0</subfield>
   <subfield code="6">346_597043000000000_C561</subfield>
   <subfield code="7">0</subfield>
   <subfield code="9">14289</subfield>
   <subfield code="a">000001</subfield>
   <subfield code="b">000001</subfield>
   <subfield code="d">2018-09-27</subfield>
   <subfield code="o">346.597043 C561</subfield>
   <subfield code="p">MD.02861</subfield>
   <subfield code="r">2018-09-27</subfield>
   <subfield code="v">50000.00</subfield>
   <subfield code="w">2018-09-27</subfield>
   <subfield code="y">BK</subfield>
  </datafield>
  <datafield tag="952" ind1=" " ind2=" ">
   <subfield code="0">0</subfield>
   <subfield code="1">0</subfield>
   <subfield code="2">ddc</subfield>
   <subfield code="4">0</subfield>
   <subfield code="6">346_597043000000000_C561</subfield>
   <subfield code="7">0</subfield>
   <subfield code="9">14290</subfield>
   <subfield code="a">000001</subfield>
   <subfield code="b">000001</subfield>
   <subfield code="d">2018-09-27</subfield>
   <subfield code="o">346.597043 C561</subfield>
   <subfield code="p">MD.02862</subfield>
   <subfield code="r">2018-09-27</subfield>
   <subfield code="v">50000.00</subfield>
   <subfield code="w">2018-09-27</subfield>
   <subfield code="y">BK</subfield>
  </datafield>
  <datafield tag="952" ind1=" " ind2=" ">
   <subfield code="0">0</subfield>
   <subfield code="1">0</subfield>
   <subfield code="2">ddc</subfield>
   <subfield code="4">0</subfield>
   <subfield code="6">346_597043000000000_C561</subfield>
   <subfield code="7">0</subfield>
   <subfield code="9">14291</subfield>
   <subfield code="a">000001</subfield>
   <subfield code="b">000001</subfield>
   <subfield code="d">2018-09-27</subfield>
   <subfield code="o">346.597043 C561</subfield>
   <subfield code="p">MD.02863</subfield>
   <subfield code="r">2018-09-27</subfield>
   <subfield code="v">50000.00</subfield>
   <subfield code="w">2018-09-27</subfield>
   <subfield code="y">BK</subfield>
  </datafield>
  <datafield tag="980" ind1=" " ind2=" ">
   <subfield code="a">Thư viện Trường Đại học Nam Cần Thơ</subfield>
  </datafield>
 </record>
</collection>
